000 00611nam a2200205 i 4500
001 39837
003 ES-MaACL
005 20250821074831.0
007 t|
008 030304q1946 sp |||| | spa d
100 1 _aCapanaga, Victorino.
_934776
245 1 3 _aLa Eucarístia en la historia de las conversiones /
_cpor Victorino Capanaga de San Agustín.
250 _a2ª ed.
260 _aMadrid :
_bA.M.A.R.,
_c[1946?] (
_fImp. Juan Bravo)
300 _a396 p. ;
_c17 cm.
650 0 7 _aEucaristía
_2embne
_912604
650 4 _aConversos.
_9154379
852 _aES-MaACL
_jB-6134
999 _c39837
_d39837